000 00497nam a2200181Ia 4500
999 _c14573
_d14573
003 OSt
005 20201019093059.0
008 190216s9999||||xx |||||||||||||| ||und||
020 _a9788189059422
040 _coclc
082 _a305.42
_bDAV/W
100 _aDavis, Angela Y
_95847
245 0 _aWomen, Race & Class /
_cAngela Y Davis
260 _bNavayana,
_c2011.
_aNew Delhi:
300 _a271p
650 _aEnglish
942 _cBK
_2ddc
_h305.42
_iDAV/W
_k305.42
_mDAV/W